| 000 | 00364nam a22001457a 4500 | ||
|---|---|---|---|
| 003 | OSt | ||
| 005 | 20211217104345.0 | ||
| 008 | 211217b |||||||| |||| 00| 0 eng d | ||
| 040 | _cHU | ||
| 082 | _a333.7316 YOU 1998 | ||
| 100 |
_aYoung, Anthony, _913954 |
||
| 245 | _aLand resources : now and for the future. | ||
| 300 |
_a319p _bpc _c25cm |
||
| 942 |
_2ddc _cBOOKS _n0 |
||
| 999 |
_c22739 _d22739 |
||